000 00556nmm a2200169Ia 4500
008 251105s9999||||xx |||||||||||||||||und||
020 _a9788478279760
041 _aspa
100 _aFeito, Rafael (coord.)
245 0 _aSociología de la educación secundaria
264 _a[Madrid, España] :
_bMinisterio de Educación, Cultura y Deporte de España,
_c2010
300 _a166 páginas
490 _aFormación del profesorado. Educación secundaria
650 _aEducation
856 _uhttps://public.digitaliapublishing.com/a/30231
942 _cCF
999 _c85498
_d85498